World Bank (Record no. 121025)

MARC details
000 -LEADER
fixed length control field 00712cai a22001815a 4500
001 - CONTROL NUMBER
control field L158408
008 - FIXED-LENGTH DATA ELEMENTS--GENERAL INFORMATION
fixed length control field 150205u xxk g 000 0 eng d
035 ## - SYSTEM CONTROL NUMBER
System control number (Sirsi) u158408
041 0# - LANGUAGE CODE
Language code of text/sound track or separate title eng
110 2# - MAIN ENTRY--CORPORATE NAME
Corporate name or jurisdiction name as entry element The World Bank
9 (RLIN) 3115
245 00 - TITLE STATEMENT
Title World Bank
Remainder of title Infrastructure
520 ## - SUMMARY, ETC.
Summary, etc. Includes development indicators which contain more than 1 000 time series projections. Also with other worldwide infrastructure indicators such as rail line statistics, water sources and electric power consumption.
590 ## - LOCAL NOTE (RLIN)
Local note KA
651 #4 - SUBJECT ADDED ENTRY--GEOGRAPHIC NAME
Geographic name International
690 ## - LOCAL SUBJECT ADDED ENTRY--TOPICAL TERM (OCLC, RLIN)
Topical term or geographic name as entry element Infrastructure
9 (RLIN) 6246
856 40 - ELECTRONIC LOCATION AND ACCESS
Uniform Resource Identifier <a href="https://data.worldbank.org/topic/infrastructure">https://data.worldbank.org/topic/infrastructure</a>
Public note View the website free of charge at data.worldbank.org
942 ## - ADDED ENTRY ELEMENTS (KOHA)
Suppress in OPAC 0
Holdings
Withdrawn status Lost status Source of classification or shelving scheme Damaged status Not for loan Home library Current library Shelving location Date acquired Total Checkouts Full call number Barcode Date last seen Copy number Price effective from Koha item type
    Dewey Decimal Classification     London London Online 05/02/2015   WEB SITE 158408-1001 06/08/2019 1 06/08/2019 Online material